00485nam a2200193Ia 4500008004000000020001800040041000800058082001600066100002900082245005700111260003400168300001200202650001100214650001400225650001200239650001500251650001700266650000800283210210b2011 xxu||||| |||| 00| 0 eng d a9788184898941 aeng a006.32 LIVA aLIVINGSTONE (David J) Ed aArtificial neural networks: methods and applications aNew DelhibHumana Pressc2011 aix, 253 aneural anetworks: amethods aArtificial aapplications aand